[Event "Titled Tuesday intern op 02nd May Late"]
[Site "Chess.com INT"]
[Date "2023.05.02"]
[Round "7"]
[White "Onslow, Alfie"]
[Black "Aldokhin, Ivan"]
[Result "1-0"]
[WhiteElo "2157"]
[BlackElo "2413"]
[PlyCount "131"]
[EventDate "2023.05.02"]
[EventType "swiss (blitz)"]
[EventRounds "11"]
[EventCountry "USA"]
[SourceTitle "EXT 2024"]
[Source "ChessBase"]
[SourceDate "2023.10.10"]
[SourceVersion "1"]
[SourceVersionDate "2023.10.10"]
[SourceQuality "1"]

1. e4 c5 2. Nc3 e6 3. Nf3 a6 4. g3 Qc7 5. Bg2 d6 6. 0-0 Nf6 7. Re1 Be7 8. a4 Nc6 9. d4 cxd4 10. Nxd4 0-0 11. Nxc6 bxc6 12. e5 dxe5 13. Qe2 Nd5 14. Qxe5 Qxe5 15. Rxe5 Bf6 16. Re4 Rb8 17. Rc4 Bd7 18. a5 Rfd8 19. Na4 Bc8 20. c3 e5 21. Nc5 Ne7 22. Bf3 Nf5 23. b4 Nd6 24. Rg4 Bxg4 25. Bxg4 e4 26. Bf4 Bxc3 27. Rd1 Bxb4 28. Nxa6 Rb5 29. Nxb4 Rxb4 30. Bxd6 Ra4 31. Rb1 h5 32. Bc7 Ra8 33. Bd7 R8xa5 34. Bxa5 Rxa5 35. Bxc6 Re5 36. Re1 f5 37. Kg2 Kf7 38. h4 Rc5 39. Bb7 Kf6 40. Rb1 Rc2 41. Kg1 Ke5 42. Rb5+ Kf6 43. Rb6+ Ke5 44. Rb5+ Kf6 45. Ba8 Rc1+ 46. Kg2 Rc2 47. Kf1 Rc1+ 48. Ke2 Rc2+ 49. Ke3 Rc3+ 50. Kd2 Rf3 51. Ke2 Ra3 52. Rb6+ Ke5 53. Bc6 Ra2+ 54. Kf1 Ra3 55. Rb5+ Kf6 56. Rd5 Ke6 57. Rd2 Rc3 58. Bd7+ Ke5 59. Be8 f4 60. gxf4+ Kxf4 61. Bxh5 e3 62. Rd4+ Ke5 63. fxe3 Rxe3 64. Rg4 Kf6 65. Kf2 Re5 66. Bg6 1-0

[Event "Titled Tuesday intern op 02nd May Late"]
[Site "Chess.com INT"]
[Date "2023.05.02"]
[Round "9"]
[White "Onslow, Alfie"]
[Black "Benedetti, Julio"]
[Result "0-1"]
[WhiteElo "2157"]
[BlackElo "2274"]
[PlyCount "62"]
[EventDate "2023.05.02"]
[EventType "swiss (blitz)"]
[EventRounds "11"]
[EventCountry "USA"]
[SourceTitle "EXT 2024"]
[Source "ChessBase"]
[SourceDate "2023.10.10"]
[SourceVersion "1"]
[SourceVersionDate "2023.10.10"]
[SourceQuality "1"]

1. e4 c5 2. Nc3 Nc6 3. Bb5 g6 4. Bxc6 dxc6 5. f4 Bg7 6. Nf3 Nf6 7. d3 Nd7 8. 0-0 Nf8 9. Qe1 Ne6 10. f5 Nd4 11. Nxd4 cxd4 12. Ne2 gxf5 13. exf5 Qd5 14. Ng3 h5 15. f6 Bf8 16. fxe7 Bxe7 17. Ne4 Be6 18. Bf4 0-0-0 19. a4 Rhg8 20. a5 f5 21. Ng3 h4 22. a6 b6 23. Qe2 hxg3 24. Bxg3 Bd6 25. Rf3 Bxg3 26. hxg3 Qd6 27. Re1 Bd5 28. Rxf5 Rxg3 29. Rf2 Re3 30. Qf1 Rh8 31. Rxe3 Qh2# 0-1

[Event "Titled Tuesday intern op 02nd May Late"]
[Site "Chess.com INT"]
[Date "2023.05.02"]
[Round "4"]
[White "Onslow, Alfie"]
[Black "Kjartansson, David"]
[Result "0-1"]
[WhiteElo "2157"]
[BlackElo "2292"]
[PlyCount "102"]
[EventDate "2023.05.02"]
[EventType "swiss (blitz)"]
[EventRounds "11"]
[EventCountry "USA"]
[SourceTitle "EXT 2024"]
[Source "ChessBase"]
[SourceDate "2023.10.10"]
[SourceVersion "1"]
[SourceVersionDate "2023.10.10"]
[SourceQuality "1"]

1. e4 d6 2. d4 Nf6 3. Nc3 e5 4. dxe5 dxe5 5. Qxd8+ Kxd8 6. f4 Nc6 7. Nf3 Bb4 8. Bd3 Bg4 9. Bd2 Bxf3 10. gxf3 exf4 11. a3 Bd6 12. Rg1 g6 13. Ne2 Nh5 14. 0-0-0 Ke7 15. Bb5 Be5 16. Bxc6 bxc6 17. Rg4 Rab8 18. Bb4+ Ke6 19. Nd4+ Bxd4 20. Rxd4 Rb5 21. Rc4 Kd7 22. Rg1 Rb6 23. Rd1+ Kc8 24. e5 Rd8 25. Rxd8+ Kxd8 26. Bc5 Ra6 27. Kd2 Kd7 28. Kd3 Ke6 29. Ke4 g5 30. Rd4 f5+ 31. exf6 Nxf6+ 32. Kd3 Nd7 33. Re4+ Kf5 34. Bd4 c5 35. Bc3 Rd6+ 36. Kc4 g4 37. Re7 gxf3 38. Rf7+ Kg4 39. Rg7+ Kh3 40. Rxh7+ Kg2 41. Rg7+ Kxh2 42. Be1 Rd1 43. Bf2 Rd2 44. Be1 Rxc2+ 45. Kd3 Rxb2 46. Bd2 c4+ 47. Kc3 Rb3+ 48. Kc2 Nf6 49. Bxf4+ Kh1 50. Kd2 Ne4+ 51. Ke1 Rb1+ 0-1

[Event "Titled Tuesday intern op 02nd May Late"]
[Site "Chess.com INT"]
[Date "2023.05.02"]
[Round "11"]
[White "Onslow, Alfie"]
[Black "Kleiman, Jake"]
[Result "0-1"]
[WhiteElo "2157"]
[BlackElo "2399"]
[PlyCount "84"]
[EventDate "2023.05.02"]
[EventType "swiss (blitz)"]
[EventRounds "11"]
[EventCountry "USA"]
[SourceTitle "EXT 2024"]
[Source "ChessBase"]
[SourceDate "2023.10.10"]
[SourceVersion "1"]
[SourceVersionDate "2023.10.10"]
[SourceQuality "1"]

1. Nf3 e6 2. c4 Nf6 3. g3 d5 4. Bg2 dxc4 5. 0-0 a6 6. Na3 Bxa3 7. bxa3 Nc6 8. a4 e5 9. Ba3 Be6 10. Rb1 Rb8 11. Ng5 Bd5 12. e4 Be6 13. Nxe6 fxe6 14. f4 Qd3 15. Rf3 Qd4+ 16. Kh1 Nxe4 17. Qc2 Nxd2 18. Rd1 Nxf3 19. Rxd4 Nfxd4 20. Qxc4 Kf7 21. fxe5 Rhe8 22. Be4 h6 23. Qf1+ Kg8 24. Qh3 Nxe5 25. Qh5 Nf7 26. Bb2 Rbd8 27. Bg6 Re7 28. Qc5 Red7 29. Bxd4 Rxd4 30. Qxc7 R4d7 31. Qc4 Re7 32. Qe4 Rf8 33. Bh7+ Kh8 34. Bg6 Ng5 35. Qe5 Nf3 36. Qe3 Ng5 37. h4 Nh7 38. Qe4 Nf6 39. Qe5 Rd8 40. Bc2 Red7 41. Bb3 Re7 42. Kh2 Ng4+ 0-1

[Event "Titled Tuesday intern op 02nd May Late"]
[Site "Chess.com INT"]
[Date "2023.05.02"]
[Round "3"]
[White "Onslow, Alfie"]
[Black "Roebers, Eline"]
[Result "1-0"]
[WhiteElo "2157"]
[BlackElo "2363"]
[PlyCount "125"]
[EventDate "2023.05.02"]
[EventType "swiss (blitz)"]
[EventRounds "11"]
[EventCountry "USA"]
[SourceTitle "EXT 2024"]
[Source "ChessBase"]
[SourceDate "2023.10.10"]
[SourceVersion "1"]
[SourceVersionDate "2023.10.10"]
[SourceQuality "1"]

1. Nf3 f5 2. e4 fxe4 3. Ng5 Nf6 4. d3 e3 5. fxe3 e5 6. Be2 d5 7. 0-0 Be7 8. Nc3 0-0 9. e4 c6 10. Qe1 Na6 11. Nf3 Bd6 12. Bg5 Nc7 13. exd5 cxd5 14. d4 exd4 15. Nxd4 Bc5 16. Be3 Ne6 17. Rd1 Nxd4 18. Bxd4 Bxd4+ 19. Rxd4 Qb6 20. Qf2 Be6 21. Rf4 Qxb2 22. Nb5 Qxc2 23. Nd4 Qc8 24. Bd3 Qd7 25. Qh4 Rae8 26. Rxf6 gxf6 27. Nxe6 Rxe6 28. Bf5 Kh8 29. Qh3 Rfe8 30. Bxe6 Qxe6 31. Qf3 Qe3+ 32. Qxe3 Rxe3 33. Rxf6 Ra3 34. Rf7 b6 35. Rd7 Rxa2 36. Rxd5 Kg7 37. Rd6 Kf7 38. h4 Ra4 39. g3 Ra2 40. h5 Ke7 41. Rh6 b5 42. Rxh7+ Kf6 43. Rc7 b4 44. h6 Ra1+ 45. Kg2 Ra2+ 46. Kh3 Ra1 47. h7 Rh1+ 48. Kg2 Rh5 49. Rxa7 Kg6 50. Rb7 Rxh7 51. Rxb4 Rc7 52. Rb6+ Kg5 53. Kh3 Rc4 54. Rb5+ Kg6 55. g4 Kh6 56. Kh4 Kg6 57. Rb6+ Kg7 58. Kg5 Rc5+ 59. Kh4 Rc4 60. Kh5 Rc5+ 61. g5 Rc1 62. Rb7+ Kg8 63. Kh6 1-0

[Event "Titled Tuesday intern op 25th Apr Early"]
[Site "Chess.com INT"]
[Date "2023.04.25"]
[Round "3"]
[White "Onslow, Alfie"]
[Black "Han, Yichen"]
[Result "1-0"]
[WhiteElo "2182"]
[BlackElo "2406"]
[PlyCount "39"]
[EventDate "2023.04.25"]
[EventType "swiss (blitz)"]
[EventRounds "11"]
[EventCountry "USA"]
[SourceTitle "EXT 2024"]
[Source "ChessBase"]
[SourceDate "2023.10.10"]
[SourceVersion "1"]
[SourceVersionDate "2023.10.10"]
[SourceQuality "1"]

1. Nf3 d5 2. c4 d4 3. b4 g5 4. Bb2 Bg7 5. e3 e5 6. exd4 exd4 7. d3 g4 8. Nfd2 Nf6 9. g3 0-0 10. Bg2 Re8+ 11. Kf1 Bf5 12. Nb3 Nc6 13. Bxc6 bxc6 14. Na3 Qe7 15. Nc2 Rad8 16. Nbxd4 Bg6 17. Nxc6 Qe6 18. Nxd8 Rxd8 19. Nd4 Qe7 20. Nc6 1-0

[Event "Titled Tuesday intern op 18th Apr Late"]
[Site "Chess.com INT"]
[Date "2023.04.18"]
[Round "3"]
[White "Onslow, Alfie"]
[Black "Blomqvist, Erik"]
[Result "0-1"]
[WhiteElo "2182"]
[BlackElo "2523"]
[PlyCount "112"]
[EventDate "2023.04.18"]
[EventType "swiss (blitz)"]
[EventRounds "11"]
[EventCountry "USA"]
[SourceTitle "EXT 2024"]
[Source "ChessBase"]
[SourceDate "2023.10.10"]
[SourceVersion "1"]
[SourceVersionDate "2023.10.10"]
[SourceQuality "1"]

1. Nf3 d5 2. c4 Nd7 3. cxd5 Ngf6 4. Nc3 g6 5. e4 Bg7 6. e5 Ng4 7. d4 Nb6 8. Bc4 Nxc4 9. Qa4+ Qd7 10. Qxc4 0-0 11. Bf4 b5 12. Qxb5 Qf5 13. Bg3 a5 14. Qe2 Ba6 15. Qe4 Qh5 16. h3 Nh6 17. Na4 Rab8 18. Nc5 Bb5 19. a4 Bc4 20. Nd2 Rb4 21. Nxc4 Rxc4 22. 0-0 Nf5 23. b3 Rxd4 24. Qf3 Nxg3 25. fxg3 Qxe5 26. Rae1 Qd6 27. Ne4 Qxd5 28. Nf2 Qd6 29. Ne4 Qb6 30. Ng5 Rd3+ 31. Qf2 Rxg3 32. Qxb6 cxb6 33. Rxe7 Rxg5 34. Rb7 Rg3 35. Rxb6 Bd4+ 36. Kh2 Bxb6 37. Kxg3 Bc5 38. Rc1 Bb4 39. Rc4 h5 40. Rc7 Kg7 41. Rc6 Re8 42. Ra6 Re3+ 43. Kh2 Rxb3 44. Rb6 Ra3 45. Rb5 Rxa4 46. h4 Bd6+ 47. g3 Rxh4+ 48. Kg2 Rg4 49. Kh3 Rxg3+ 50. Kh4 Rg4+ 51. Kh3 Bb4 52. Rb6 a4 53. Ra6 a3 54. Ra7 Rd4 55. Ra6 Rd3+ 56. Kh4 Be7+ 0-1

[Event "Titled Tuesday intern op 18th Apr Late"]
[Site "Chess.com INT"]
[Date "2023.04.18"]
[Round "5"]
[White "Shubenkova, Veronika"]
[Black "Onslow, Alfie"]
[Result "1-0"]
[WhiteElo "2002"]
[BlackElo "2182"]
[PlyCount "76"]
[EventDate "2023.04.18"]
[EventType "swiss (blitz)"]
[EventRounds "11"]
[EventCountry "USA"]
[SourceTitle "EXT 2024"]
[Source "ChessBase"]
[SourceDate "2023.10.10"]
[SourceVersion "1"]
[SourceVersionDate "2023.10.10"]
[SourceQuality "1"]

1. e4 g6 2. d4 Bg7 3. c4 Nc6 4. Be3 e5 5. dxe5 Bxe5 6. Nc3 d6 7. Bd3 Nge7 8. Nge2 0-0 9. a3 f5 10. exf5 Bxf5 11. 0-0 Qd7 12. Ng3 Bxd3 13. Qxd3 Rae8 14. f4 Bg7 15. Rae1 Nf5 16. Bf2 Nxg3 17. hxg3 Qf5 18. Qd5+ Qxd5 19. Nxd5 Rc8 20. b4 Rfe8 21. b5 Na5 22. Ne7+ Kf7 23. Nxc8 Rxc8 24. Re4 Bf6 25. g4 h6 26. g5 Bg7 27. gxh6 Bxh6 28. Bd4 Nb3 29. Bc3 Nc5 30. Re2 Nd3 31. f5 Nf4 32. fxg6+ Kxg6 33. Re7 Rf8 34. Bd2 c6 35. Bxf4 Bxf4 36. g3 Bh6 37. Re6+ Kh5 38. Rxh6+ Kxh6 1-0

[Event "Titled Tuesday intern op 04th Apr Early"]
[Site "Chess.com INT"]
[Date "2023.04.04"]
[Round "1"]
[White "Dobre, Claudiu Cristian"]
[Black "Onslow, Alfie"]
[Result "1-0"]
[WhiteElo "2261"]
[BlackElo "2182"]
[PlyCount "59"]
[EventDate "2023.04.04"]
[EventType "swiss (blitz)"]
[EventRounds "11"]
[EventCountry "USA"]
[SourceTitle "EXT 2024"]
[Source "ChessBase"]
[SourceDate "2023.10.10"]
[SourceVersion "1"]
[SourceVersionDate "2023.10.10"]
[SourceQuality "1"]

1. e4 g6 2. d4 Bg7 3. h4 d5 4. e5 h5 5. Bd3 Nh6 6. c3 Bf5 7. Bxf5 Nxf5 8. Nf3 e6 9. Bg5 Qc8 10. Nbd2 Nd7 11. Nf1 c5 12. Rc1 c4 13. Ne3 Nxe3 14. fxe3 b5 15. Qe2 Nb6 16. 0-0 0-0 17. Nd2 a5 18. e4 Qd7 19. Qe3 Ra7 20. Bf6 b4 21. Qg5 bxc3 22. Rxc3 dxe4 23. Rg3 Qxd4+ 24. Kh1 Nd5 25. Bxg7 Kxg7 26. Qxh5 Qxd2 27. Rxf7+ Raxf7 28. Qxg6+ Kh8 29. Qh6+ Rh7 30. Qxf8# 1-0

[Event "Titled Tuesday intern op 04th Apr Late"]
[Site "Chess.com INT"]
[Date "2023.04.04"]
[Round "3"]
[White "Korkmaz, Necmettin"]
[Black "Onslow, Alfie"]
[Result "1-0"]
[WhiteElo "2091"]
[BlackElo "2182"]
[PlyCount "129"]
[EventDate "2023.04.04"]
[EventType "swiss (blitz)"]
[EventRounds "11"]
[EventCountry "USA"]
[SourceTitle "EXT 2024"]
[Source "ChessBase"]
[SourceDate "2023.10.10"]
[SourceVersion "1"]
[SourceVersionDate "2023.10.10"]
[SourceQuality "1"]

1. e4 c5 2. Nc3 Nc6 3. f4 g6 4. Nf3 Bg7 5. Bb5 Nd4 6. 0-0 e6 7. e5 a6 8. Bd3 d5 9. Nxd4 cxd4 10. Ne2 Ne7 11. b3 Nc6 12. Ba3 Bf8 13. Bxf8 Kxf8 14. Qe1 b5 15. Qf2 Qb6 16. c3 Kg7 17. Nxd4 Nxd4 18. Qxd4 Qxd4+ 19. cxd4 Bd7 20. Rac1 Rhc8 21. Rc5 Kf8 22. Rfc1 Ke7 23. b4 Kd8 24. Kf2 a5 25. a3 axb4 26. axb4 Ra4 27. Rxc8+ Bxc8 28. Rb1 Bd7 29. Ke3 Kc7 30. g4 Kb6 31. Rb2 Ra1 32. Rb1 Ra3 33. h4 Be8 34. h5 gxh5 35. gxh5 f5 36. exf6 Bxh5 37. Rg1 Bg6 38. Rxg6 hxg6 39. f7 Ra8 40. Bxg6 Kc6 41. f5 Kd6 42. Kf4 Ke7 43. Ke5 exf5 44. Bxf5 Kxf7 45. Kxd5 Ke7 46. Kc5 Rb8 47. Bd3 Rc8+ 48. Kd5 Rb8 49. Kc5 Rc8+ 50. Kxb5 Kd6 51. Be4 Rb8+ 52. Kc4 Rc8+ 53. Kb3 Rb8 54. d3 Ke6 55. d5+ Kd6 56. Kc4 Rc8+ 57. Kb3 Rb8 58. d4 Rc8 59. b5 Rc1 60. Kb4 Re1 61. Bf3 Rf1 62. Be4 Re1 63. Bc2 Rc1 64. Bb3 Rd1 65. b6 1-0

[Event "Titled Tuesday intern op 04th Apr Late"]
[Site "Chess.com INT"]
[Date "2023.04.04"]
[Round "2"]
[White "Onslow, Alfie"]
[Black "Dudzinski, Pawel"]
[Result "0-1"]
[WhiteElo "2182"]
[BlackElo "2186"]
[PlyCount "59"]
[EventDate "2023.04.04"]
[EventType "swiss (blitz)"]
[EventRounds "11"]
[EventCountry "USA"]
[SourceTitle "EXT 2024"]
[Source "ChessBase"]
[SourceDate "2023.10.10"]
[SourceVersion "1"]
[SourceVersionDate "2023.10.10"]
[SourceQuality "1"]

1. e4 c6 2. Nf3 d5 3. exd5 cxd5 4. Ne5 Nc6 5. d4 Nxe5 6. dxe5 a6 7. c4 Be6 8. Qa4+ Qd7 9. Qxd7+ Kxd7 10. cxd5 Bxd5 11. Nc3 Bc6 12. Bf4 e6 13. 0-0-0+ Kc7 14. f3 Ne7 15. Bd3 Ng6 16. Bg3 h5 17. Bxg6 fxg6 18. h4 Be7 19. Rhe1 g5 20. hxg5 Bxg5+ 21. Kb1 h4 22. Bh2 h3 23. f4 hxg2 24. Bg3 Bh4 25. Bxh4 Rxh4 26. Ne4 Bxe4+ 27. Rxe4 Rh1 28. Ree1 Rxe1 29. Rxe1 Rh8 30. Kc2 0-1

[Event "Titled Tuesday intern op 28th Mar Early"]
[Site "Chess.com INT"]
[Date "2023.03.28"]
[Round "3"]
[White "Kaidanov, Gregory S"]
[Black "Onslow, Alfie"]
[Result "1-0"]
[WhiteElo "2556"]
[BlackElo "2174"]
[PlyCount "97"]
[EventDate "2023.03.28"]
[EventType "swiss (blitz)"]
[EventRounds "11"]
[EventCountry "USA"]
[SourceTitle "EXT 2024"]
[Source "ChessBase"]
[SourceDate "2023.10.10"]
[SourceVersion "1"]
[SourceVersionDate "2023.10.10"]
[SourceQuality "1"]

1. Nf3 c5 2. c4 Nf6 3. Nc3 Nc6 4. d4 cxd4 5. Nxd4 e6 6. g3 Qb6 7. Nb3 Ng4 8. e3 Nge5 9. f4 Ng6 10. Bg2 a5 11. 0-0 a4 12. Nd4 a3 13. b3 Bc5 14. Ncb5 0-0 15. Kh1 d5 16. cxd5 exd5 17. Re1 Re8 18. Bd2 Nxd4 19. exd4 Rxe1+ 20. Qxe1 Qxb5 21. dxc5 Bf5 22. Rc1 Re8 23. Qf1 Bd3 24. Qg1 Re2 25. Bc3 Rxg2 26. Kxg2 Be4+ 27. Kf2 Qd3 28. Qd1 Qb5 29. Qd4 f6 30. Re1 Ne7 31. Kg1 Nf5 32. Qf2 Qd3 33. Ba1 h5 34. Qe2 Qxe2 35. Rxe2 h4 36. Kf2 hxg3+ 37. hxg3 Nh6 38. Ke3 Ng4+ 39. Kd4 Kf7 40. b4 Ke6 41. b5 f5 42. Re1 Nf6 43. Rc1 Kd7 44. c6+ bxc6 45. bxc6+ Kc7 46. Kc5 Bd3 47. Be5+ Kc8 48. Kb6 Ne4 49. Rh1 1-0